| 000 | 00577nam a2200181 i 4500 | ||
|---|---|---|---|
| 001 | 79464 | ||
| 003 | ES-MaACL | ||
| 005 | 20230906174001.0 | ||
| 007 | t| | ||
| 008 | 041021s1931 fr ||||1| fre d | ||
| 100 | 1 |
_aHeráclito. _962627 |
|
| 245 | 1 | 0 |
_aDoctrines philosophiques / _cHeráclite d'Ephese ; traduit integrement et précedées d'une introduction par Maurice Solovine. |
| 260 |
_aParis : _bPresses Universitaires de France, _c1931. |
||
| 300 |
_aXL, 100 p. ; _c19 cm. |
||
| 700 | 1 |
_aSolovine, Maurice. _9203958 |
|
| 852 |
_aES-MaACL _jE-1166 |
||
| 999 |
_c79464 _d79464 |
||